[Event "LSS ZN-2009-0-00531"]
[Site "LSS email"]
[Date "2009.01.25"]
[Round "?"]
[White "Cser, Andras"]
[Black "Greene, Robin"]
[Result "1-0"]
[WhiteElo "657"]
[BlackElo "436"]
[PlyCount "26"]
[EventDate "2009.01.24"]
[EventType "match (corr)"]
[EventRounds "2"]
[EventCountry "GER"]
[SourceTitle "Corr 2015"]
[Source "ChessBase"]
[SourceDate "2015.07.17"]
[SourceVersion "1"]
[SourceVersionDate "2015.07.17"]
[SourceQuality "1"]

1. e4 e5 2. Nf3 d6 3. Bc4 Qf6 4. Nc3 Be6 5. Bxe6 fxe6 6. 0-0 d5 7. d3 Nc6 8. exd5 exd5 9. Nxd5 Qd6 10. Nc3 Nd4 11. Ne4 Qd5 12. c4 Nxf3+ 13. Qxf3 Nf6 1-0